| 000 | 00598nam a22002057a 4500 | ||
|---|---|---|---|
| 999 |
_c14598 _d14598 |
||
| 003 | AR-CdUCM | ||
| 008 | 190423b ||||| |||| 00| 0 spa d | ||
| 020 | _a978-958-30-3659-0 | ||
| 040 |
_aMUNICIPALIDAD PROVINCIAL DEL CUSCO _cBIBLIOTECA MUNICIPAL DEL CUSCO |
||
| 041 | _heng | ||
| 082 |
_aPI / 800 / _bW82 |
||
| 100 |
_aWolf, Tony _933442 |
||
| 245 | _aBeto / | ||
| 260 |
_aBogotá : _bPanamericana, _c2011. |
||
| 300 |
_a13 páginas ; _bIlustraciones, _c14.5 cm. |
||
| 650 |
_aLiteratura infantil _9588 |
||
| 650 |
_aCuento infantil _93319 |
||
| 942 |
_2ddc _cLIBROS |
||
| 945 |
_aacv _d2019-04-23 |
||